[Event "Turkey IS Bank Super League 2017"]
[Site "Darica-Kocaeli"]
[Date "2017.07.27"]
[Round "2.1"]
[White "Kravtsiv, Martyn"]
[Black "Cheparinov, Ivan"]
[Result "1-0"]
[WhiteElo "2657"]
[BlackElo "2703"]
[Annotator "TA"]
[PlyCount "65"]
[EventType "team-tourn"]
[EventCountry "TUR"]
[SourceTitle "playchess.com"]
[Source "ChessBase"]
[SourceQuality "1"]

{[%evp 9,65,0,0,0,0,0,0,0,0,0,0,0,0,0,31,-28,-8,-35,0,-28,-31,-26,85,85,103,103,110,116,96,108,105,103,105,110,123,110,157,91,145,131,181,181,408,393,394,397,400,382,490,512,502,488,590,580,615,576,29969,29966]} 1. e4 c6 2. d4 d5 3. e5 c5 4. dxc5 e6 5. a3 Bxc5 6. b4 {B12: Caro-Kann: Advance Variation} (6. Nf3 Ne7 7. Bd3 Ng6 8. O-O Nc6 9. b4 Bb6 10. Bb2 Nf4 11. c4 Nxd3 12. Qxd3 dxc4 13. Qxc4 {1-0 (30) Karjakin,S (2783)-Topalov,V (2741) Shamkir 2017}) 6... Be7 7. Nf3 a5 8. bxa5 $146 {The position is equal.} ({Find the theoretical novelty and annotate with similar games:} 8. b5 Nd7 9. Bd3 f6 10. Bb2 Nh6 11. O-O Nf7 12. exf6 Bxf6 13. Bxf6 Qxf6 {1-0 (42) Fressinet,L (2651)-Hansen,T (2429) Porticcio 2017}) 8... Nc6 9. Bd3 Qxa5+ 10. Bd2 Qc7 11. O-O f6 12. exf6 (12. Bf4 $1 $14) 12... Nxf6 $11 13. c4 O-O 14. Nc3 Ng4 15. Nb5 Qd8 (15... Qb8 $11 {keeps the balance.} 16. g3 dxc4 17. Bxc4 Nge5) 16. Qe2 $16 Bf6 17. Rad1 Nge5 18. Nxe5 Bxe5 19. Bb1 ({Don't play} 19. Qh5 $6 g6 $11) 19... g6 20. Bb4 Nxb4 21. Qxe5 Nc6 {[#]} 22. Qg3 $1 {Strongly threatening Bxg6!} Kg7 23. Rfe1 (23. Be4 $142) 23... Ra4 (23... Ra5 $142) 24. Nd6 Ra5 {[#]} 25. h4 $1 Kh8 $2 (25... d4 {keeps fighting.} 26. Be4 e5 27. Nxc8 Qxc8 28. Bxc6 bxc6) 26. cxd5 $18 Rxd5 27. Rxd5 exd5 {[#]} 28. Re8 $1 {[%mdl 512]} Qf6 (28... Rxe8 29. Nf7+) 29. Rxc8 Rxc8 30. Nxc8 Qe6 31. Nd6 Qe1+ 32. Kh2 Qxb1 33. Qf4 {Precision: White = 76%, Black = 38%.} 1-0

[Event "Turkey IS Bank Super League 2017"]
[Site "Darica-Kocaeli"]
[Date "2017.07.27"]
[Round "2.2"]
[White "Salgado Lopez, Ivan"]
[Black "Sadikhov, Ulvi"]
[Result "1-0"]
[WhiteElo "2622"]
[BlackElo "2494"]
[Annotator "TA"]
[PlyCount "95"]
[EventType "team-tourn"]
[EventCountry "TUR"]
[SourceTitle "playchess.com"]
[Source "ChessBase"]
[SourceQuality "1"]

{[%evp 14,95,57,57,63,63,91,91,92,89,87,74,93,79,91,62,76,70,93,93,101,106,87,54,81,39,39,-20,24,33,24,-20,-15,-33,-20,-22,24,39,45,-10,64,48,50,56,76,56,66,72,79,82,90,83,80,75,62,84,133,97,105,122,122,110,121,112,112,107,231,229,246,243,430,410,408,347,415,412,551,539,609,492,768,760,921,865]} 1. d4 d6 2. Nf3 Nf6 3. Nc3 Nbd7 4. Bf4 c5 5. d5 g6 6. e4 Bg7 7. Be2 O-O 8. O-O a6 {A43: Schmid Benoni} (8... Qa5 9. Nd2 a6 10. Nc4 Qc7 11. a4 b6 12. Re1 Bb7 13. Qd2 Rad8 14. Rad1 Ne5 15. Bh6 e6 16. Bxg7 Kxg7 {½-½ (80) Grischuk,A (2810)-Vachier Lagrave,M (2758) Beijing 2014}) 9. a4 $1 Qb6 10. Ra3 Qc7 $146 {White is better.} ({Predecessor:} 10... Nh5 11. Bg5 Nhf6 12. Nd2 Re8 13. Be3 Ne5 14. h3 h5 15. f4 Ned7 16. Qe1 Nf8 {1-0 (35) Doren,D (2168)-Hatipoglu,M (1975) ICCF email 2011}) 11. Nd2 Rb8 12. Bg3 Ne8 13. Re1 Qd8 14. Bf1 Nc7 15. Rb3 Nf6 16. h3 e5 17. Bh4 b6 {[%cal Bb7b6,Bb6b5,Bb5b4][%mdl 32]} 18. Bd3 Qd7 19. Be2 b5 20. Qa1 (20. Nc4 $14) 20... b4 21. Nd1 Nfe8 22. c4 f5 23. exf5 gxf5 24. f4 Nf6 25. fxe5 dxe5 26. Bg3 ({Better is} 26. g4 $14) 26... f4 (26... Qe7 $11) 27. Bh4 $14 Nce8 28. Nf2 Nd6 29. Bxf6 Bxf6 30. Nfe4 Nf5 {[#]} 31. Bg4 $1 (31. Nxc5 $2 Qa7 $19) (31. Nxf6+ Rxf6 32. Bg4 Qg7 $11) 31... Qg7 32. Bxf5 (32. Nxc5 $2 Qa7 $19) ({Of course not} 32. Nxf6+ $6 Qxf6 33. Bxf5 (33. Ne4 Qg6 $15) 33... Bxf5 $11) 32... Bxf5 33. Rf3 Bh4 34. Re2 $1 Bg6 35. b3 Bh5 36. Kh1 Rbc8 37. Qf1 Kh8 38. Rd3 Bxe2 39. Qxe2 Bg3 (39... a5 $16) 40. Nf3 $18 {[%mdl 1024] White has strong compensation.} Rce8 41. d6 ({Not} 41. Nxc5 e4 $11) 41... Rf5 $2 {[#]} (41... Re6 42. Nxc5 e4 43. Nxe6 exd3) 42. Rd5 Rd8 43. Kg1 h6 44. Kf1 a5 45. Rxc5 {White is clearly winning.} Rff8 46. Rd5 Rfe8 (46... Rc8 $142 47. Rxa5 Kg8 48. Rxe5 Bh4) 47. c5 Qb7 48. Qd3 {Precision: White = 77%, Black = 37%.} 1-0

[Event "Turkey IS Bank Super League 2017"]
[Site "Darica-Kocaeli"]
[Date "2017.07.27"]
[Round "2.3"]
[White "Ertan, Can"]
[Black "Can, Emre"]
[Result "0-1"]
[WhiteElo "2377"]
[BlackElo "2586"]
[Annotator "TA"]
[PlyCount "104"]
[EventType "team-tourn"]
[EventCountry "TUR"]
[SourceTitle "playchess.com"]
[Source "ChessBase"]
[SourceQuality "1"]

{[%evp 9,104,1,-12,0,-9,-19,-11,-19,-19,-26,-15,-30,-30,-27,-29,-43,-26,-33,-37,-32,-35,-142,-75,-127,-101,-147,-122,-122,-100,-104,-104,-100,-89,-181,-162,-165,-134,-137,-116,-181,-175,-191,-191,-207,-217,-261,-236,-237,-243,-224,-136,-115,-136,-139,-56,-42,-55,-62,-54,-286,-227,-198,-164,-219,-209,-189,-125,-259,-250,-318,-321,-323,-313,-310,-296,-351,-389,-558,-573,-562,-552,-517,-525,-469,-367,-366,-360,-352,-343,-389,-378,-487,-471,-434,-433,-29960,-5583]} 1. e4 c5 2. Nf3 d6 3. c3 Nf6 4. Qc2 Qc7 5. Bc4 Bg4 (5... e6 6. O-O Be7 7. d4 cxd4 8. cxd4 O-O 9. Bd3 Qxc2 10. Bxc2 b6 11. Nc3 Bb7 12. Re1 Nc6 13. h3 {1-0 (34) Ertan,C (2359)-Svensson,B (2342) Sweden 2016}) 6. d4 {B50: Sicilian: 2...d6, Miscellaneous} e6 7. Be3 Bxf3 8. gxf3 {The position is equal.} d5 9. Bd3 a6 $146 ({Find the theoretical novelty and annotate with similar games:} 9... Be7 10. Nd2 cxd4 11. cxd4 Nc6 12. e5 Nh5 13. a3 {0-1 (51) Rasstrigin,A (1927)-Konstantinov,M (2204) LSS email 2011}) 10. Nd2 cxd4 11. cxd4 Nc6 12. Rc1 Nh5 13. Qb3 Rd8 14. e5 g6 15. Bg5 (15. Nf1 $15) 15... Rc8 ({Black should play} 15... f6 $1 {[%cal Rf6g5]} 16. exf6 Bd6) 16. h4 (16. Be2 $142) 16... Be7 17. Bh6 f6 18. Be2 fxe5 19. dxe5 Qxe5 {Strongly threatening ...Kf7.} 20. Qxb7 Rc7 {[%cal Bc8c7,Bc7b7,Bb7b2][%mdl 32]} 21. f4 {[#]} (21. Qxa6 $17 {was worth a try.} Nb4 22. Qa4+ Kf7 23. Rxc7 Qxc7 24. O-O) 21... Qxe2+ $1 {[%mdl 512]} 22. Kxe2 Nd4+ $1 ({But not} 22... Rxb7 23. Rxc6 Rxb2 24. Rxe6 $17) 23. Kd3 Rxb7 24. Rc8+ (24. Kxd4 $17 Rxb2 25. Nf3 Bf6+ 26. Ne5 Nxf4 27. Rc8+ Ke7 28. Rc7+ Kd8 29. Rd7+ Ke8 30. Bxf4 Rb4+ 31. Kd3 Rxf4 32. Rd6) 24... Bd8 $19 25. Kxd4 Rxb2 26. Kc3 Rxa2 27. Ra8 Kd7 28. Ra7+ Kd6 29. Rb1 Ba5+ ({Inferior is} 29... Bxh4 30. Rb6+ Kc5 31. Rab7 $11) 30. Kb3 {Hoping for Ne4+!} Rxd2 31. Rxa6+ Kc5 (31... Kd7 $17 32. Rxa5 Rxf2 33. Ra7+ Kd6 34. Ra6+ Kc5 35. Rc1+ Kb5) 32. Rxa5+ $15 Kd4 {White must now prevent ...Rb8+.} 33. Ra4+ Kd3 {[#] Threatens to win with ...Rb8+.} 34. Ka3 $2 (34. f5 $1 $15 {[%mdl 512]} Rb8+ (34... exf5 35. Bxd2) 35. Rb4 Rxb4+ 36. Kxb4) 34... Rc2 35. Re1 {White wants to mate with Re3+.} Re2 36. Rd4+ (36. Rd1+ {is a better defense.} Kc2 37. Rad4) 36... Kxd4 $19 37. Rxe2 {[%mdl 4096] Endgame KRB-KRN} Re8 ({Black should try} 37... Rg8 $19 38. Rxe6 Ng7) 38. Kb4 (38. Kb3 $17) 38... Rb8+ 39. Ka4 Kc4 {[%cal Rb8a8]} 40. Rc2+ {[#]} Kd3 $1 {[%cal Rd3c2]} 41. Rc6 Re8 42. Rc7 d4 43. Bg5 (43. Ra7 $142) 43... Ke2 44. Rc2+ Ke1 45. Rc1+ Kxf2 46. Rd1 Ke3 47. f5+ Ke4 48. fxe6 Rxe6 49. Kb3 Ng7 50. Kc2 Nf5 51. Re1+ Ne3+ 52. Bxe3 (52. Kb3 $19) 52... dxe3 {Precision: White = 37%, Black = 80%.} 0-1

[Event "Turkey IS Bank Super League 2017"]
[Site "Darica-Kocaeli"]
[Date "2017.07.27"]
[Round "2.4"]
[White "Heberla, Bartlomiej"]
[Black "Tofan, Ibrahim"]
[Result "1-0"]
[WhiteElo "2577"]
[BlackElo "2194"]
[Annotator "TA"]
[PlyCount "45"]
[EventType "team-tourn"]
[EventCountry "TUR"]
[SourceTitle "playchess.com"]
[Source "ChessBase"]
[SourceQuality "1"]

{[%evp 13,45,51,47,47,106,87,48,93,127,143,122,99,99,101,197,206,201,203,549,545,552,544,537,546,902,809,1085,1062,1093,1094,1930,1072,5380,5319]} 1. e4 d6 2. Nc3 c5 3. Nf3 Nc6 4. d4 cxd4 5. Nxd4 Nf6 6. Bc4 a6 7. Nxc6 bxc6 8. e5 {[%cal Be4e5,Be5e6][%mdl 32] B90: Sicilian Najdorf: Unusual White 6th moves, 6 Be3 Ng4 and 6 Be3 e5} Ng4 (8... Nd7 $14) (8... d5 9. exf6 dxc4 10. Qxd8+ Kxd8 11. fxe7+ Bxe7 12. Be3 Be6 13. O-O-O+ Kc8 14. Na4 Rb8 15. Bc5 Bg5+ {1-0 (46) Polgar,S (2450)-Polgar,J (2696) Porto Vecchio 2013}) 9. e6 $1 $16 {[%cal Re6f7]} f5 10. Qf3 {White is slightly better.} d5 {[#]} 11. Nxd5 $1 {[%mdl 512]} Bxe6 $146 (11... cxd5 12. Bxd5) ({Find the theoretical novelty and annotate with similar games:} 11... cxd5 12. Bxd5 Ne5 13. Bc6+ Nxc6 14. Qxc6+ Bd7 15. exd7+ Kf7 16. Bf4 Qa5+ 17. c3 e5 18. Qxa8 Bb4 19. Qxh8 Bxc3+ 20. bxc3 Qxc3+ 21. Bd2 Qxa1+ 22. Ke2 {1-0 (22) Conterno,D-Lewicki,P England 2012}) 12. Nf6+ $40 {[%mdl 128] White has strong attack.} exf6 13. Bxe6 Ne5 (13... Qa5+ $16 14. Kf1 Ne5) 14. Qxf5 $18 {aiming for Bd2.} Bb4+ 15. c3 Qe7 $2 (15... Bc5 {is tougher.}) 16. cxb4 {White is clearly winning.} g6 17. Qh3 Qxb4+ 18. Bd2 Qxb2 19. Bc3 Qb5 20. Bb3 Nd3+ 21. Kd2 Nf4 22. Qe3+ Kf8 23. Qxf4 {Precision: White = 81%, Black = 11%.} 1-0

[Event "Turkey IS Bank Super League 2017"]
[Site "Darica-Kocaeli"]
[Date "2017.07.27"]
[Round "2.5"]
[White "Osmak, Iulija"]
[Black "Yildiz, Betul Cemre"]
[Result "0-1"]
[WhiteElo "2353"]
[BlackElo "2326"]
[Annotator "RC"]
[PlyCount "150"]
[EventType "team-tourn"]
[EventCountry "TUR"]
[SourceTitle "playchess.com"]
[Source "ChessBase"]
[SourceQuality "1"]
[TimeControl "40/5400+30:1800+30"]

1. e4 {[%emt 0:00:30]} e5 {[%emt 0:01:00]} 2. Nf3 {[%emt 0:00:30]} Nc6 {[%emt 0:00:30]} 3. Bb5 {[%emt 0:00:30]} a6 {[%emt 0:00:30]} 4. Ba4 {[%emt 0:00:30]} Nf6 {[%emt 0:00:30]} 5. O-O {[%emt 0:00:00]} Be7 {[%emt 0:00:00]} 6. Re1 {[%emt 0:00:00]} b5 {[%emt 0:00:00]} 7. Bb3 {[%emt 0:00:00]} d6 {[%emt 0:00:00]} 8. a4 {[%emt 0:00:00]} Bg4 {[%emt 0:00:00]} 9. c3 {[%emt 0:00:30]} O-O {[%emt 0:00:30]} 10. h3 {[%emt 0:00:30]} Bxf3 {[%emt 0:00:30]} 11. Qxf3 {[%emt 0:00:30]} Na5 {[%emt 0:00:30]} 12. Bc2 {[%emt 0:00:30]} b4 {[%emt 0:00:00]} 13. d4 {[%emt 0:00:00]} c5 {[%emt 0:00:00]} 14. d5 {[%emt 0:00:00]} Nd7 {[%emt 0:00:00]} 15. Qg4 {[%emt 0:08:30]} Rb8 {[%emt 0:05:00]} 16. Bh6 {[%emt 0:05:30]} Bf6 {[%emt 0:01:30]} 17. Nd2 {[%emt 0:00:30] [%clk 1:20]} bxc3 {[%emt 0:09:30]} 18. bxc3 {[%emt 0:00:30]} Qc7 {[%emt 0:04:30]} 19. Reb1 {[%emt 0:09:30]} Rb6 {[%emt 0:09:30]} 20. Rxb6 {[%emt 0:17:30]} Nxb6 {[%emt 0:00:30]} 21. Be3 {[%emt 0:00:30]} Nbc4 {[%emt 0:08:30]} 22. Nxc4 {[%emt 0:00:30]} Nxc4 {[%emt 0:00:00]} 23. Bc1 {[%emt 0:00:30]} Na5 {[%emt 0:05:00]} 24. Qe2 {[%emt 0:00:30]} Ra8 {[%emt 0:06:30]} 25. g3 {[%emt 0:06:30]} Qc8 {[%emt 0:02:30]} 26. Rb1 {[%emt 0:01:30]} Bd8 {[%emt 0:16:30]} 27. Kg2 {[%emt 0:01:30]} Bc7 {[%emt 0:03:30]} 28. Bd3 {[%emt 0:03:30]} Bd8 {[%emt 0:02:30]} 29. Qg4 {[%emt 0:08:30]} Qc7 {[%emt 0:09:49]} 30. h4 {[%emt 0:10:30]} Ra7 {[%emt 0:07:49]} 31. h5 {[%emt 0:03:30]} c4 {[%emt 0:06:47]} 32. Bc2 {[%emt 0:02:30]} Rb7 {[%emt 0:00:43]} 33. Bh6 {[%emt 0:04:37]} f6 {[%emt 0:01:43]} 34. Rxb7 {[%emt 0:08:04]} Nxb7 {[%emt 0:00:05]} 35. Bc1 {[%emt 0:00:34]} Nc5 {[%emt 0:00:34]} 36. Ba3 {[%emt 0:00:18]} Be7 {[%emt 0:00:09]} 37. h6 {[%emt 0:02:28]} g6 {[%emt 0:00:37]} 38. Bd1 {[%emt 0:04:42]} Nd3 {[%emt 0:01:03]} 39. a5 {[%emt 0:01:37]} Kf8 {[%emt 0:00:25]} 40. Ba4 {[%emt 0:00:27]} Qd8 {[%emt 0:01:16]} 41. Bc6 {[%emt 0:10:43]} Qc7 {[%emt 0:08:30]} 42. Kf1 {[%emt 0:07:58]} Qd8 {[%emt 0:06:48]} 43. Bb4 {[%emt 0:03:28]} Nc1 {[%emt 0:05:25]} 44. Bb7 {[%emt 0:04:22]} Nb3 {[%emt 0:01:22]} 45. Bxa6 {[%emt 0:01:17]} Nxa5 {[%emt 0:00:27]} 46. Bb5 {[%emt 0:00:00]} Nb3 {[%emt 0:04:02]} 47. Kg2 {[%emt 0:00:06]} Qc7 {[%emt 0:02:15]} 48. Qe2 {[%emt 0:00:26]} Kf7 {[%emt 0:01:06]} 49. Bxc4 {[%emt 0:00:50]} Nc5 {[%emt 0:00:56]} 50. Bb5 {[%emt 0:01:44]} Qc8 {[%emt 0:02:13]} 51. f3 {[%emt 0:01:09]} Bf8 {[%emt 0:00:16]} 52. Qa2 {[%emt 0:02:32]} Bxh6 {[%emt 0:02:07]} 53. Qa7+ {[%emt 0:01:08]} Kg8 {[%emt 0:00:01]} 54. Qe7 {[%emt 0:00:40]} Qf8 {[%emt 0:01:04]} 55. Qc7 {[%emt 0:00:30]} Be3 {[%emt 0:00:00]} 56. Bd7 {[%emt 0:01:20]} Kh8 {[%emt 0:01:02]} 57. Be6 {[%emt 0:00:17]} h6 {[%emt 0:00:36]} 58. Ba5 {[%emt 0:00:38]} Nd3 {[%emt 0:00:15]} 59. Qc4 {[%emt 0:00:54]} Ne1+ {[%emt 0:00:27]} 60. Kf1 {[%emt 0:00:30]} Nxf3 {[%emt 0:00:06]} 61. Ke2 {[%emt 0:00:00]} Nd2 {[%emt 0:00:14]} 62. Qd3 {[%emt 0:01:21]} Nb3 {[%emt 0:00:13]} 63. Bc7 {[%emt 0:00:23]} Nc1+ {[%emt 0:00:30]} 64. Kxe3 {[%emt 0:00:30]} Nxd3 {[%emt 0:00:30]} 65. Kxd3 {[%emt 0:00:00]} f5 {[%emt 0:00:40]} 66. c4 {[%emt 0:00:00]} Qe7 {[%emt 0:00:47]} 67. Bb8 {[%emt 0:00:36]} Qd8 {[%emt 0:00:30]} 68. Ba7 {[%emt 0:00:00]} Qa5 {[%emt 0:00:41]} 69. Be3 {[%emt 0:00:00]} Qa3+ {[%emt 0:00:00]} 70. Ke2 {[%emt 0:00:19]} Qa2+ {[%emt 0:00:11]} 71. Kf3 {[%emt 0:00:00]} fxe4+ {[%emt 0:00:19]} 72. Kxe4 {[%emt 0:00:17]} Qxc4+ {[%emt 0:00:30]} 73. Kf3 {[%emt 0:00:00]} Qf1+ {[%emt 0:00:00]} 74. Bf2 {[%emt 0:00:16]} e4+ {[%emt 0:00:00]} 75. Ke3 {[%emt 0:00:30]} Qd3+ {[%emt 0:00:00]} 0-1

[Event "Turkey IS Bank Super League 2017"]
[Site "Darica-Kocaeli"]
[Date "2017.07.27"]
[Round "2.6"]
[White "Dastan, Muhammed Batuhan"]
[Black "Ererdem, Gani Eren"]
[Result "1-0"]
[WhiteElo "2529"]
[BlackElo "2090"]
[Annotator "TA"]
[PlyCount "89"]
[EventType "team-tourn"]
[EventCountry "TUR"]
[SourceTitle "playchess.com"]
[Source "ChessBase"]
[SourceQuality "1"]

{[%evp 13,89,43,52,52,61,54,71,55,70,44,68,57,42,9,30,23,40,29,72,58,62,0,0,8,14,11,7,22,17,21,30,24,26,0,11,8,56,62,121,121,125,127,176,128,126,114,111,116,110,112,135,100,106,104,205,54,219,219,387,395,438,436,422,427,420,411,471,463,1816,1761,1707,1636,1339,1181,1181,473,3359,3359]} 1. e4 e5 2. Nf3 Nc6 3. Bc4 Nf6 4. d3 Be7 5. O-O d6 6. a4 O-O 7. Re1 Kh8 8. h3 {C55: Two Knights: 4 d3, 4 d4 exd4 5 e5 and Max Lange Attack} Ng8 9. Nc3 f5 10. Nd5 {White is better.} Bf6 11. c3 h6 $146 ({Predecessor:} 11... fxe4 12. dxe4 Nce7 13. a5 a6 14. b4 Nxd5 15. Bxd5 Ne7 {½-½ (48) Fedorchuk,S (2634)-Bartel,M (2677) Lublin 2012}) 12. exf5 Bxf5 13. Be3 Qd7 14. a5 a6 15. d4 e4 16. Nd2 {[%cal Bf3d2,Bd2f1,Bf1e3,Be3c4,Bc4e5][%mdl 32]} Rae8 17. Nxf6 (17. Qb3 $14 Qc8 18. Be2) 17... Nxf6 $11 18. Nf1 d5 19. Be2 Ne7 20. Bf4 g5 21. Bg3 Ng6 22. Ne3 Be6 23. c4 (23. Be5 $5) 23... c6 24. cxd5 Nxd5 25. Bh5 $36 {[%mdl 2048] White is more active.} Kh7 (25... Qg7 $14) 26. Bxg6+ $16 Kxg6 27. Nc4 {Black must now prevent Ne5+.} Bf5 28. Ne5+ Rxe5 29. dxe5 h5 30. Qd4 h4 31. Bh2 Qe6 32. Ra3 Rf7 33. Kh1 Kh6 {[#]} (33... Rd7 $16 {was worth a try.}) 34. Bg1 $2 (34. f3 $1 $18 {[%cal Rf3e4]} exf3 35. Rxf3) 34... e3 $2 ({Better is} 34... Rd7 $14) 35. fxe3 $18 {[%cal Bf2e3,Be3e4][%mdl 32]} Bxh3 $2 (35... c5 36. Qxc5 Qxe5) 36. e4 Bxg2+ 37. Kxg2 Nf4+ 38. Kh1 Qg4 {[%csl Gf4][%cal Rg4g2]} 39. Qd2 Rd7 40. Qf2 {White is clearly winning.} Rd3 (40... Nd3 $142 41. Qe2 Qxe2 42. Rxe2 Nf4) 41. Rxd3 Nxd3 42. Qf6+ Kh5 43. Qf7+ Kh6 44. Rf1 (44. Qf8+ $142 Kh5 {[#]} 45. Qf5 $3 {[%mdl 512]} Qxf5 46. exf5 Nxe1 47. e6) 44... Qh3+ (44... Qxe4+ $142 45. Qf3 Qxf3+ 46. Rxf3 Nxe5) 45. Bh2 {Precision: White = 61%, Black = 27%.} 1-0

[Event "Turkey IS Bank Super League 2017"]
[Site "Darica-Kocaeli"]
[Date "2017.07.27"]
[Round "2.7"]
[White "Ozenir, Ekin Baris"]
[Black "Ozen, Bahadir"]
[Result "1-0"]
[WhiteElo "2098"]
[BlackElo "2315"]
[Annotator "NA"]
[PlyCount "109"]
[EventType "team-tourn"]
[EventCountry "TUR"]
[SourceTitle "playchess.com"]
[Source "ChessBase"]
[SourceQuality "1"]
[TimeControl "40/5400+30:1800+30"]

1. d4 {[%emt 0:00:30]} g6 {[%emt 0:01:00]} 2. e4 {[%emt 0:01:30]} Bg7 {[%emt 0:00:30]} 3. c4 {[%emt 0:00:30]} d6 {[%emt 0:01:30]} 4. Nc3 {[%emt 0:00:30]} e5 {[%emt 0:00:30]} 5. d5 {[%emt 0:04:30]} Nd7 {[%emt 0:00:30]} 6. Be3 {[%emt 0:07:30]} Bh6 {[%emt 0:01:30]} 7. Bxh6 {[%emt 0:04:30]} Nxh6 {[%emt 0:00:00]} 8. h4 $11 {[%emt 0:09:30] [%clk 1:05]} (8. Qd2 $5 {[%cal Rd2h6]} Ng4 9. Nf3 $14) 8... Ng8 {[%emt 0:13:00]} 9. h5 {[%emt 0:05:30]} Ngf6 {[%emt 0:01:30]} 10. hxg6 {[%emt 0:04:30]} fxg6 {[%emt 0:00:30]} 11. Qd2 {[%emt 0:04:30]} Nc5 {[%emt 0:03:30]} 12. Bd3 {[%emt 0:05:30]} Bd7 {[%emt 0:07:30]} 13. Bc2 {[%emt 0:02:30]} a5 {[%emt 0:03:30]} 14. Nge2 {[%emt 0:08:30]} O-O {[%emt 0:04:30]} 15. f3 {[%emt 0:03:30]} a4 {[%emt 0:03:30]} 16. Qh6 {[%emt 0:06:30]} Qe7 {[%emt 0:02:30]} 17. O-O {[%emt 0:04:30]} c6 {[%emt 0:14:30]} 18. Ng3 {[%emt 0:04:30]} a3 {[%emt 0:05:30]} 19. b4 {[%emt 0:01:11]} Na6 {[%emt 0:00:30]} 20. Rab1 {[%emt 0:00:11]} c5 {[%emt 0:01:30]} 21. bxc5 {[%emt 0:04:10]} Nxc5 {[%emt 0:00:00]} 22. Rb4 {[%emt 0:00:29]} Rfc8 {[%emt 0:09:00]} 23. Rfb1 {[%emt 0:01:36]} Rf8 {[%emt 0:04:30]} 24. Nd1 {[%emt 0:03:11]} Ne8 {[%emt 0:01:30]} 25. Nf2 {[%emt 0:02:02]} Nc7 {[%emt 0:00:30]} 26. Ne2 {[%emt 0:00:52]} Rfb8 {[%emt 0:04:25]} 27. Nc3 {[%emt 0:00:47]} Be8 {[%emt 0:03:11]} 28. Ng4 {[%emt 0:01:38]} Bd7 {[%emt 0:01:18]} 29. Nf2 {[%emt 0:00:47]} Rc8 {[%emt 0:02:03]} 30. Rb6 {[%emt 0:01:43]} Ra6 {[%emt 0:01:41]} 31. Rxa6 {[%emt 0:01:00]} N7xa6 {[%emt 0:00:25]} 32. Qc1 {[%emt 0:00:15]} h5 {[%emt 0:01:46]} 33. Qxa3 {[%emt 0:01:02]} g5 {[%emt 0:00:01]} 34. Qc1 {[%emt 0:01:43]} Qf6 {[%emt 0:00:30]} 35. Qe3 {[%emt 0:00:30]} Kf7 {[%emt 0:00:08]} 36. Ne2 {[%emt 0:01:54]} Nc7 {[%emt 0:00:52]} 37. Ng3 {[%emt 0:00:53]} Qf4 {[%emt 0:00:01]} 38. Qxf4+ {[%emt 0:00:46]} gxf4 {[%emt 0:00:02]} 39. Nf5 {[%emt 0:00:00]} Bxf5 {[%emt 0:08:04]} 40. exf5 {[%emt 0:00:00]} b5 {[%emt 0:01:03]} 41. cxb5 {[%emt 0:04:50]} Nxd5 {[%emt 0:00:00]} 42. Ne4 {[%emt 0:04:30]} Nxe4 {[%emt 0:06:00]} 43. Bxe4 {[%emt 0:01:30]} Nc3 {[%emt 0:00:30]} 44. Rb3 {[%emt 0:00:30]} Na4 {[%emt 0:09:46]} 45. b6 {[%emt 0:02:30]} Rb8 {[%emt 0:02:18]} 46. b7 {[%emt 0:00:30]} Nc5 {[%emt 0:00:00]} 47. Bd5+ {[%emt 0:01:30]} Kf6 {[%emt 0:00:07]} 48. Ra3 {[%emt 0:00:30]} Kxf5 {[%emt 0:00:30]} 49. Ra8 {[%emt 0:00:30]} Rxb7 {[%emt 0:00:30]} 50. Bxb7 {[%emt 0:00:30]} Nxb7 {[%emt 0:00:00]} 51. a4 {[%emt 0:00:30]} Ke6 {[%emt 0:02:10]} 52. a5 {[%emt 0:00:30]} Nc5 {[%emt 0:03:02]} 53. a6 {[%emt 0:00:30]} Kd5 {[%emt 0:03:32]} 54. a7 {[%emt 0:00:00]} h4 {[%emt 0:02:08]} 55. Rh8 {[%emt 0:00:00]} 1-0